GUMI歌唱伝説入り曲 - Statistics

General Stats
  • This quiz has been taken 33 times
    31 since last reset
  • The average score is 42 of 122
Answer Stats
曲名 % Correct
モザイクロール
96%
弱虫モンブラン
92%
KING
88%
QUEEN
80%
マトリョシカ
76%
ドーナツホール
76%
セツナトリップ
76%
人生リセットボタン
76%
いーあるふぁんくらぶ
72%
インビジブル
72%
天ノ弱
68%
エンヴィーベイビー
68%
アイデンティティ
68%
ECHO
68%
脳漿炸裂ガール
64%
パンダヒーロー
64%
だれかの心臓になれたなら
64%
バレリーコ
64%
ハッピーシンセサイザ
60%
酔いどれ知らず
60%
地球最後の告白を
60%
拝啓ドッペルゲンガー
60%
スーサイドパレヱド
60%
敗北の少年
60%
透明エレジー
56%
おどりゃんせ
56%
イカサマライフゲイム
52%
シリョクケンサ
52%
カミサマネジマキ
52%
Bad ∞ End ∞ Night
52%
フラジール
48%
ぼくらの16bit戦争
48%
十面相
44%
神のまにまに
44%
恋愛勇者
44%
放課後ストライド
44%
嗚呼、素晴らしきニャン生
44%
EYE
44%
アイラ
40%
夜もすがら君想ふ
40%
ヤンキーボーイ・ヤンキーガール
40%
一触即発☆禅ガール
40%
心做し
40%
威風堂々
36%
きょうもハレバレ
36%
クワガタにチョップしたらタイムスリップした
36%
九龍レトロ
36%
虎視眈々
36%
About me
36%
乱躁滅裂ガール
32%
キリトリセン
32%
ポーカーフェイス
32%
残響
32%
告白予行練習
32%
メグメグ☆ファイアーエンドレスナイト
32%
猪突猛進ガール
32%
ヤキモチの答え
32%
リアル初音ミクの消失
32%
Crazy ∞ nighT
32%
世界寿命と最後の一日
28%
リンカーネイション
28%
林檎売りの泡沫少女
28%
告白ライバル宣言
28%
妄想疾患■ガール
28%
チェックメイト
28%
有頂天ビバーチェ
28%
ラブドール
28%
トキヲ・ファンカ
28%
スロウダウナー
24%
スキスキ絶頂症
24%
ケッペキショウ
24%
会いたい
24%
幽霊屋敷の首吊り少女
24%
金曜日のおはよう
24%
しわ
24%
一心不乱
24%
一千光年
24%
君色に染まる
24%
人間らしい
24%
Twilight ∞ nighT
24%
過食性:アイドル症候群
20%
被害妄想携帯女子(笑)
20%
僕は空気が嫁ない
20%
ケセラリズム
20%
EveR ∞ LastinG ∞ NighT
20%
MONSTER
20%
Mr.Music
20%
一騎当千
16%
スイートフロートアパート
16%
ライムライト
16%
ハイファイレイヴァー
16%
病名恋ワズライ
16%
無気力クーデター
16%
走れ
16%
恋はきっと急上昇☆
16%
GETCHA!
16%
Just a game
16%
KILLER B
16%
LUVORATORRRRRY!
16%
マダラカルト
12%
ゴー・トゥ・大都会
12%
カムパネルラ
12%
少女ケシゴム
12%
春に一番近い街
12%
マーメイド
12%
茶番カプリシオ
12%
Masked bitcH
12%
My Colorful Confuse
12%
ONE OFF MIND
12%
ロゼッタ
8%
初恋の絵本
8%
M.S.S.Planet
8%
SCREAM
8%
クローゼットルーム
4%
再演
4%
祝福のメシアとアイの塔
4%
シルバーバレット
4%
怪盗Fの台本
4%
+♂
0%
カーニバル
0%
在来ヒーローズ
0%
LaLaL危
0%
No matching quizzes found
Score Distribution
Percent of People with Each Score
Percentile by Number Answered
Your Score History
You have not taken this quiz since the last reset